Podrobná bibliografia
Personálne heslo: Feješ, Ján, 1764-1823
Médium:Regionálne osobnosti
Bližší popis: Narodený 02.07.1764 Toporec. Hodnostár evanjelickej cirkvi, filozof, právnik
Zdroj: 1. Národný kalendár 2004 1. Martin : MS, 2003. - S. 16
2. Rezník, Jaroslav 2. Zo Spiša až na prah Šariša 2. In Krásy Slovenska. - Roč. LXXXVII, č. 1-2 (2010), s. 26-30. ISSn 0323-0643
LEADER 00800nz a2200325n 4500
001 000058021
003 SVKKK
005 20110307101240.0
008 060215|n|annnnaabn | a|c
FMT
040 |a SVKKK  |b slo  |e AACR2 
080 |a 101 
080 |a 284.1 
080 |a 34 
100 1 |a Feješ, Ján,  |d 1764-1823 
678 0 |a Narodený 02.07.1764 Toporec. Hodnostár evanjelickej cirkvi, filozof, právnik 
909 |a SK 
971
972
973
975
978
981
993
993
994
995 |c Národný kalendár 2004  |d Martin : MS, 2003. - S. 16 
995 |a Rezník, Jaroslav  |c Zo Spiša až na prah Šariša  |d In Krásy Slovenska. - Roč. LXXXVII, č. 1-2 (2010), s. 26-30. ISSn 0323-0643 
BAS
998 |a REOS